000 00507nam a2200169Ia 4500
008 090201s9999 xx 000 0 und d
010 _aKPL-22962
040 _bमराठी
041 _aमराठी
082 _a4760
_b22962
100 _aप्रभाकर द. मराठे
245 _aशवयान
_cप्रभाकर द. मराठे
260 _c2004
_bभारत प्रकाशन
300 _a167
_bमोठा
600 _aशवयान
942 _cBOOK
999 _c205771
_d205771